| 000 | 00428nam a2200181Ia 4500 | ||
|---|---|---|---|
| 003 | OSt | ||
| 005 | 20230314164550.0 | ||
| 008 | 210210b1964 xxu||||| |||| 00| 0 eng d | ||
| 040 | _cAL | ||
| 041 | _aeng | ||
| 082 | _a513/149 | ||
| 100 |
_aSHANTI (Narayan) _975378 |
||
| 245 | _aIntegral calculus | ||
| 260 |
_aDelhi _bS. Chand & Co. Ltd. _c1964 |
||
| 690 |
_aIntegral Calculus _975379 |
||
| 906 | _a007428 | ||
| 942 |
_2ddc _cBK |
||
| 999 |
_c139919 _d139919 |
||